Návrh metodiky manažmentu rizík v kontexte krízového riadenia v priemyselných podnikoch

Gespeichert in:
Bibliographische Detailangaben
1. Verfasser: Kubovič, Marek, 1982- (Verfasst von)
Weitere Verfasser: Sakál, Peter, 1951- (Betreuung Doktorarbeit)
Format: Manuskript Buch
Sprache:Slowakisch
Veröffentlicht: Trnava : STU v Bratislave MTF, 2010
Schlagworte:
Online-Zugang:VAIS
Tags: Tag hinzufügen
Keine Tags, Fügen Sie das erste Tag hinzu!

MARC

LEADER 00000ntm a22000003a 4500
001 stu232137
005 20150617230145.0
008 110723s2010----xo------------------slo-d
040 |a STU  |b slo 
041 0 |a slo 
044 |a xo 
100 1 |a Kubovič, Marek,  |d 1982-  |4 aut  |u M190  |U MTF Materiálovotechnologická fakulta  |T MTF Katedra priemyselného inžinierstva a manažmentu  |X 30208  |U M190  |Y 167  |7 A000030208 
242 0 0 |a Methodology of using risk management tools in the context of crisis management in industrial enterprises  |y eng 
245 1 |a Návrh metodiky manažmentu rizík v kontexte krízového riadenia v priemyselných podnikoch 
260 |a Trnava :  |b STU v Bratislave MTF,  |c 2010 
650 7 |a priemyselné manažérstvo  |2 stusub 
650 7 |a Industrial Management  |2 estusub 
650 7 |a crisis  |2 estusub 
650 7 |a risk  |2 estusub 
650 7 |a kríza  |2 stusub 
650 7 |a riadenie rizika  |2 stusub 
700 1 |a Sakál, Peter,  |d 1951-  |4 ths  |u M4000  |U MTF Materiálovotechnologická fakulta  |T MTF Ústav priemyselného inžinierstva a manažmentu  |X 325  |U M4000  |Y 84  |7 A000000325 
856 4 |a info a plný text  |u http://is.stuba.sk/zp/portal_zp.pl?podrobnosti=46119  |3 VAIS